| 000 | 00603nam a2200193Ia 4500 | ||
|---|---|---|---|
| 003 | IN-BaIIA | ||
| 008 | 211028s9999 xx 000 0 eng d | ||
| 020 | _a978-0-85745-211-5 | ||
| 040 | _cIIA Library | ||
| 080 |
_a52-37 _bCIV |
||
| 245 | 0 |
_aCivilizations beyond earth _bextraterrestrial life and society _cedited by Douglas A. Vakoch and A. A. Harrison |
|
| 260 |
_aNew York _bBerghahn Books _c2011 |
||
| 300 | _axii, 250p. | ||
| 650 |
_aAstronomy-biological properties _935136 |
||
| 650 | _aEarth | ||
| 700 |
_aHarrison, Albert A., ed. _935137 |
||
| 700 |
_aVakoch, Douglas A _935138 |
||
| 942 | _cBK | ||
| 999 |
_c18337 _d18337 |
||